Responses for show #3312 - Tuesday, January 19, 1999

Contestants

[<< previous game]

Prabal Chakrabarti, a graduate student from Cambridge, Massachusetts

Meaghan Parker, an assistant from Fairfax, Virginia

Rich Hendricks, a cleaning company administrator from Amherst, New York (whose 1-day cash winnings total $13,601)

[next game >>]

Jeopardy! Round responses

AMERICAN HODGEPODGE
SINGERS NAME'S THE SAME
THE COLD WAR
WHEN IN SCOTLAND...
LET'S GO GOLFING
FOUR!
    $100 6
University of Mississippi

Meaghan
    $100 23
Little

Meaghan
    $100 3
Soviet Union/USSR

Prabal
    $100 13
Owl

Rich
    $100 1
Driving range

Rich
    $100 18
"Four score and seven years ago"

Rich
    $200 7
(Prabal: What is Veterans Day?)

the Fourth of July

RichPrabal
    $200 24
Dion

Prabal
    $200 4
China

Rich
    $200 14
Kilt

Prabal
    $200 2
Tees

Prabal
    $200 19
4-H

Meaghan
    $300 25
Golden Gate Bridge

Rich
    $300 26
Gary

Rich
    $300 10
Josef Stalin

Prabal
    $300 15
Hopscotch

Prabal
    $300 5
Irons

Meaghan
    $300 20
The Four Seasons

Rich
    $400 29
Virginia

Rich
    $400 27
Laura

Meaghan
    $800 11
Suez Canal

Prabal
    $400 16
Butcher

Rich
    $400 8
(M: What is in the rough?)

Sand trap/bunker

RichMeaghan
    $400 21
The Four Horsemen of the Apocalypse

Prabal
    $500 30
Nevada

Prabal
    $500 28
Sean

Meaghan
    $500 12
Robert Oppenheimer

Meaghan
    $500 17
Dundee

Rich
    $500 9
(AKA the Royal & Ancient Golf Club)

St. Andrews

Prabal
    $500 22
T.S. Eliot

Meaghan

Scores at the first commercial break (after clue 15):

Rich Meaghan Prabal
$1,000 $500 $2,200

Scores at the end of the Jeopardy! Round:

Rich Meaghan Prabal
$3,300 $2,200 $3,300

Double Jeopardy! Round responses

THE THEATRE
TV SHOW LOCALES
ORGANIZATIONS
FOR PETE'S SAKE
TWO TICKETS TO PITTSBURGH
QUASI-RELATED PAIRS
    $200 26
Ralph Fiennes

Rich
    $200 8
Milwaukee

Meaghan
    $200 1
NRA (National Rifle Association)

Rich
    $200 13
Pete Wilson

Prabal
    $200 21
Three Rivers Stadium

Meaghan
    $200 2
Kiss & makeup

Rich
    $400 27
Henrik Ibsen

Meaghan
    $400 9
The Bunkers

Meaghan
    $400 4
Girl Scouts

Meaghan
    $400 14
Peter Benchley

Meaghan
    $400 22
Andrew Carnegie

Rich
    $400 3
Suite & Lowe

Meaghan
    $600 28
Spoon River Anthology

Meaghan
    $800 10
Washington, D.C.

Meaghan
    $1,000 5
(M: What is B'Nai Brith?)

Hadassah

Meaghan
    $600 15
Pete Seeger

Meaghan
    $600 23
Heinz

Meaghan
    $600 17
Lord & Taylor

Triple Stumper
    $800 29
Spalding Gray

Meaghan
    $800 11
Hooterville

Triple Stumper
    $800 6
Billy Barty

Triple Stumper
    $800 16
Pete Rozelle

Rich
    $800 24
Mount Washington

Meaghan
    $800 18
Ken & Barbie

Meaghan
    $1000 30
Athol Fugard

Meaghan
    $1000 12
Boston

Meaghan
    $1000 7
Grand Army of the Republic

Triple Stumper
    $1000 20
Peter Noone

Rich
    $1000 25
Fallingwater

Rich
    $1000 19
Black & White

Prabal

Scores at the end of the Double Jeopardy! Round:

Rich Meaghan Prabal
$7,100 $10,600 $4,500

[wagering suggestions for these scores]

Final Jeopardy! Round responses

SHOW BUSINESS
(Alex: Nothing like it!)
PrabalWhat is
$2
RichWhat is "That'll Be The Day"
$1,901
MeaghanWhat is Rock On
$3,601
"That'll Be The Day"

Final scores:

Rich Meaghan Prabal
$9,001 $6,999 $4,498
2-day champion: $22,602 2nd place: Trip to Falcon's Lodge Resort, Stillwater Canyon, Utah 3rd place: Daewoo Entertainment Package

Game dynamics:

Coryat scores:

Rich Meaghan Prabal
$7,100 $11,400 $4,100
19 R,
0 W
24 R
(including 1 DD),
2 W
(including 1 DD)
12 R
(including 1 DD),
1 W

Combined Coryat: $22,600

The J! Archive is created by fans, for fans. The Jeopardy! game show and all elements thereof, including but not limited to copyright and trademark thereto, are the property of Jeopardy Productions, Inc. and are protected under law. This website is not affiliated with, sponsored by, or operated by Jeopardy Productions, Inc. Join the discussion at JBoard.tv.